| 000 | 00501nam a22001577a 4500 | ||
|---|---|---|---|
| 005 | 20251108165221.0 | ||
| 008 | 250721s1984 xx 000 0 ara d | ||
| 082 | 1 | 4 | _a922.1/عبد |
| 100 | 1 | _aعمارة، محمد | |
| 245 | 1 | 0 |
_aعبد الرحمن الكواكبي : _bشهيد الحرية و مجدد الإسلام / |
| 264 | 1 |
_aبيروت : _bدار الوحدة للطباعة و النشر، _c1984. |
|
| 300 | _a219ص | ||
| 650 | 1 | 7 | _aالتراجم |
| 942 |
_2ddc _cBK |
||
| 999 |
_c22378 _d22378 |
||